[Event "Rio de Janeiro op 3rd"]
[Site "Rio de Janeiro"]
[Date "2024.04.25"]
[Round "5"]
[White "Brito, Vicente de Paulo Al"]
[Black "Leite, Lucas Bueno De Oliv"]
[Result "1-0"]
[WhiteElo "1875"]
[BlackElo "1529"]
[PlyCount "61"]
[EventDate "2024.04.22"]
[EventType "swiss"]
[EventRounds "9"]
[EventCountry "BRA"]
[SourceTitle "CB18_2024"]
[SourceDate "2024.05.01"]
[SourceVersion "1"]
[SourceVersionDate "2024.05.01"]
[SourceQuality "2"]

1. d4 d5 2. Nc3 Nf6 3. Bf4 a6 4. e3 b5 5. Bd3 e6 6. Nce2 c5 7. c3 c4 8. Bb1 Nc6 9. Nf3 Bb7 10. Ne5 a5 11. Ng3 b4 12. Nh5 g6 13. Nxc6 Bxc6 14. Nxf6+ Qxf6 15. Be5 Qe7 16. Bxh8 f6 17. Qf3 Kf7 18. Qf4 bxc3 19. bxc3 Bg7 20. Bxg7 Kxg7 21. 0-0 Ba4 22. e4 Qa3 23. Qc1 Qd6 24. Bc2 Bc6 25. Qe3 Re8 26. e5 fxe5 27. Qxe5+ Qxe5 28. dxe5 Rb8 29. Rab1 Rxb1 30. Rxb1 a4 31. Rb6 1-0

[Event "Rio de Janeiro op 3rd"]
[Site "Rio de Janeiro"]
[Date "2024.04.23"]
[Round "3"]
[White "Brito, Vicente de Paulo Al"]
[Black "Abrantes, Tiago Garrido"]
[Result "0-1"]
[WhiteElo "1875"]
[BlackElo "2201"]
[PlyCount "60"]
[EventDate "2024.04.22"]
[EventType "swiss"]
[EventRounds "9"]
[EventCountry "BRA"]
[SourceTitle "CB18_2024"]
[SourceDate "2024.05.01"]
[SourceVersion "1"]
[SourceVersionDate "2024.05.01"]
[SourceQuality "2"]

1. d4 Nf6 2. Nc3 d5 3. Bf4 Bf5 4. f3 e6 5. g4 Bg6 6. h4 h6 7. e3 a6 8. Bd3 Bxd3 9. Qxd3 c5 10. dxc5 Bxc5 11. 0-0-0 Nc6 12. g5 Nh5 13. g6 f5 14. Nge2 0-0 15. Bh2 Rc8 16. Nf4 Nxf4 17. Bxf4 Be7 18. Rhg1 Bf6 19. a3 Na5 20. Bg5 hxg5 21. hxg5 Bxg5 22. f4 Bh6 23. Qf1 Nc4 24. Rh1 Qf6 25. Rxh6 gxh6 26. g7 Rf7 27. e4 Nxb2 28. Qh3 Qxc3 29. Rd3 Nxd3+ 30. Kd1 Qe1# 0-1

[Event "Rio de Janeiro Duchamp op 4th"]
[Site "Rio de Janeiro"]
[Date "2022.12.10"]
[Round "5"]
[White "Campagnolo, Bruna"]
[Black "Brito, Vicente de Paulo Al"]
[Result "0-1"]
[WhiteElo "1535"]
[BlackElo "1794"]
[PlyCount "68"]
[EventDate "2022.12.07"]
[EventType "swiss"]
[EventRounds "9"]
[EventCountry "BRA"]
[SourceTitle "CBM 211 Extra"]
[Source "ChessBase"]
[SourceDate "2023.01.31"]
[SourceVersion "1"]
[SourceVersionDate "2023.01.31"]
[SourceQuality "1"]

1. e4 e6 2. d4 d5 3. Nc3 Bb4 4. exd5 exd5 5. Bd2 Nf6 6. Bd3 0-0 7. Nge2 Bg4 8. f3 Bh5 9. 0-0 c6 10. Nf4 Bg6 11. Bxg6 hxg6 12. Ncxd5 Nxd5 13. Nxd5 Bxd2 14. Qxd2 Qxd5 15. c4 Qxc4 16. b3 Qd5 17. Rfe1 c5 18. Rad1 Nc6 19. dxc5 Qxc5+ 20. Kh1 Rad8 21. Qe2 Rxd1 22. Rxd1 Qe5 23. Qc2 Re8 24. h3 Qe2 25. Rd2 Qe1+ 26. Kh2 Qe5+ 27. Kh1 Nd4 28. Qd1 Nf5 29. Rd8 Ng3+ 30. Kg1 Ne2+ 31. Kh1 Nf4 32. Rd6 Qe1+ 33. Qxe1 Rxe1+ 34. Kh2 Ne2 0-1

[Event "Rio de Janeiro Duchamp op 4th"]
[Site "Rio de Janeiro"]
[Date "2022.12.09"]
[Round "3"]
[White "Silva, Caio Henrique Angel"]
[Black "Brito, Vicente de Paulo Al"]
[Result "1-0"]
[WhiteElo "2090"]
[BlackElo "1794"]
[PlyCount "93"]
[EventDate "2022.12.07"]
[EventType "swiss"]
[EventRounds "9"]
[EventCountry "BRA"]
[SourceTitle "CBM 211 Extra"]
[Source "ChessBase"]
[SourceDate "2023.01.31"]
[SourceVersion "1"]
[SourceVersionDate "2023.01.31"]
[SourceQuality "1"]

1. d4 Nf6 2. Nf3 g6 3. g3 Bg7 4. Bg2 0-0 5. 0-0 d6 6. c4 Nbd7 7. Nc3 e5 8. e4 c6 9. h3 Re8 10. Be3 Qe7 11. Qc2 exd4 12. Nxd4 Nc5 13. Rfe1 a5 14. Rad1 a4 15. b4 axb3 16. axb3 Nfd7 17. b4 Ne6 18. f4 Ra3 19. Nb3 Qf6 20. Nb1 Ra8 21. Rxd6 Bf8 22. e5 Qf5 23. Qd1 Ra2 24. Rd2 Rxd2 25. Qxd2 Nc7 26. Nd4 Qh5 27. c5 Nd5 28. g4 Qh4 29. Nf3 Qe7 30. Ng5 Nxe3 31. Rxe3 Nb8 32. Ne4 b6 33. Nf6+ Kg7 34. Nxe8+ Qxe8 35. cxb6 c5 36. b7 Be6 37. Rd3 cxb4 38. Rd8 Qa4 39. Rxb8 Qa7+ 40. Kh2 Qxb8 41. Qd4 Kg8 42. Nd2 b3 43. Qb6 g5 44. Nxb3 gxf4 45. Bf3 Bg7 46. Nc5 Bxe5 47. Na6 1-0

[Event "Niteroi op 2nd"]
[Site "Niteroi"]
[Date "2022.09.05"]
[Round "7"]
[White "Santos Filho, Tadeu Souza"]
[Black "Brito, Vicente de Paulo Al"]
[Result "1-0"]
[WhiteElo "2024"]
[BlackElo "1806"]
[PlyCount "91"]
[EventDate "2022.09.01"]
[EventType "swiss"]
[EventRounds "9"]
[EventCountry "BRA"]
[SourceTitle "CBM 210 Extra"]
[Source "ChessBase"]
[SourceDate "2022.11.30"]
[SourceVersion "1"]
[SourceVersionDate "2022.11.30"]
[SourceQuality "1"]

1. e4 e6 2. d3 d5 3. Nd2 Nc6 4. Ngf3 Nf6 5. c3 Bd6 6. h3 0-0 7. Be2 e5 8. a3 b6 9. b4 Bb7 10. 0-0 Ne7 11. Qc2 Rc8 12. Bb2 Ng6 13. Rfe1 c5 14. Qb1 c4 15. exd5 cxd3 16. Bxd3 Nxd5 17. c4 Ndf4 18. Be4 Qc7 19. Bxb7 Qxb7 20. Qe4 Qxe4 21. Nxe4 Bb8 22. Ned2 Nd3 23. Reb1 Nxb2 24. Rxb2 f5 25. Rc2 e4 26. Ne1 Rfd8 27. c5 bxc5 28. bxc5 Ne5 29. Rb1 Nd3 30. Nb3 Nxe1 31. Rxe1 Rd3 32. Rb1 a5 33. a4 Ba7 34. c6 e3 35. fxe3 Rxe3 36. Kf1 Re4 37. Nd2 Rf4+ 38. Nf3 Rxa4 39. Rb7 Ra1+ 40. Ke2 Re8+ 41. Kd2 Be3+ 42. Kc3 Rc8 43. Kb2 Rd1 44. Rd7 Rb8+ 45. Ka2 Rh1 46. c7 1-0

[Event "Pan American-ch Seniors 65"]
[Site "Florianopolis"]
[Date "2022.06.23"]
[Round "4"]
[White "Brito, Vicente de Paulo Al"]
[Black "Shaffer, Alexander"]
[Result "1-0"]
[WhiteElo "1793"]
[BlackElo "1781"]
[PlyCount "65"]
[EventDate "2022.06.21"]
[EventType "swiss"]
[EventRounds "9"]
[EventCountry "BRA"]
[SourceTitle "CBM 209 Extra"]
[Source "ChessBase"]
[SourceDate "2022.09.30"]
[SourceVersion "1"]
[SourceVersionDate "2022.09.30"]
[SourceQuality "1"]

1. e4 c5 2. d4 cxd4 3. c3 g6 4. cxd4 d5 5. exd5 Nf6 6. Nf3 Bg7 7. Bb5+ Nbd7 8. Nc3 0-0 9. Bxd7 Nxd7 10. 0-0 Nb6 11. Qb3 Bf5 12. Re1 Rc8 13. a4 a5 14. Qb5 Qd6 15. Qxa5 Rc4 16. Nb5 Qd8 17. b3 Rc8 18. d6 exd6 19. Ba3 Ra8 20. Qb4 d5 21. Qd2 Be4 22. Bxf8 Qxf8 23. Ne5 Bh6 24. Qe2 Rc8 25. Nd3 Nd7 26. Ra2 Nf6 27. Rc2 Nh5 28. Rxc8 Qxc8 29. Nd6 Qd8 30. Nxe4 dxe4 31. Nc5 Qf6 32. Qxe4 Nf4 33. Nd7 1-0

[Event "Pan American-ch Seniors 65"]
[Site "Florianopolis"]
[Date "2022.06.21"]
[Round "2"]
[White "Brito, Vicente de Paulo Al"]
[Black "Aragao Neto, Joao Batista"]
[Result "0-1"]
[WhiteElo "1793"]
[BlackElo "1605"]
[PlyCount "58"]
[EventDate "2022.06.21"]
[EventType "swiss"]
[EventRounds "9"]
[EventCountry "BRA"]
[SourceTitle "CBM 209 Extra"]
[Source "ChessBase"]
[SourceDate "2022.09.30"]
[SourceVersion "1"]
[SourceVersionDate "2022.09.30"]
[SourceQuality "1"]

1. d4 Nf6 2. Nc3 g6 3. Bf4 Bg7 4. e3 d6 5. h4 h5 6. Nf3 Nbd7 7. Qd2 c6 8. e4 0-0 9. Bh6 e5 10. Bxg7 Kxg7 11. 0-0-0 Qa5 12. Ng5 b5 13. Kb1 Nb6 14. b3 Rb8 15. Kb2 b4 16. Nb1 c5 17. d5 Ba6 18. Bxa6 Qxa6 19. Ka1 Rfc8 20. f4 c4 21. fxe5 dxe5 22. Rhf1 c3 23. Qf2 Nbd7 24. g4 Rc5 25. Ne6+ fxe6 26. g5 Ra5 27. gxf6+ Kf7 28. dxe6+ Kxe6 29. Nxc3 bxc3 0-1

[Event "Cinelandia Cortinhas Memorial 4th"]
[Site "Rio de Janeiro"]
[Date "2022.03.13"]
[Round "4"]
[White "Pereira, Pedro Nunes"]
[Black "Brito, Vicente de Paulo Al"]
[Result "0-1"]
[WhiteElo "1820"]
[BlackElo "1874"]
[PlyCount "74"]
[EventDate "2022.03.12"]
[EventType "swiss"]
[EventRounds "6"]
[EventCountry "BRA"]
[SourceTitle "CBM 207 Extra"]
[Source "ChessBase"]
[SourceDate "2022.05.31"]
[SourceVersion "1"]
[SourceVersionDate "2022.05.31"]
[SourceQuality "1"]

1. d4 Nf6 2. Nf3 g6 3. Bf4 Bg7 4. c4 d6 5. e3 Nbd7 6. Nc3 0-0 7. Be2 b6 8. 0-0 Bb7 9. Ne1 e5 10. dxe5 dxe5 11. Bg5 h6 12. Bh4 g5 13. Bg3 Qe7 14. Rc1 Nc5 15. b4 Nce4 16. Nxe4 Nxe4 17. Nd3 Rad8 18. Qa4 a5 19. bxa5 Ra8 20. Bf3 Rxa5 21. Qc2 Nxg3 22. Bxb7 Nxf1 23. Kxf1 e4 24. Ne1 f5 25. Rd1 Rd8 26. Rd5 Raxd5 27. cxd5 Be5 28. Qc6 Qd6 29. h3 Qxc6 30. Bxc6 Bd6 31. Nc2 Bc5 32. Na1 Kf7 33. Nb3 Kf6 34. a4 Bb4 35. Nd4 Bd6 36. Ke2 Ke5 37. Ne6 Rg8 0-1

[Event "BRA-ch 87th"]
[Site "Cuiaba"]
[Date "2021.10.31"]
[Round "6"]
[White "Brito, Vicente de Paulo Al"]
[Black "Urquiza, Marcello de Albuque"]
[Result "1-0"]
[WhiteElo "1889"]
[BlackElo "2093"]
[PlyCount "99"]
[EventDate "2021.10.28"]
[EventType "swiss"]
[EventRounds "11"]
[EventCountry "BRA"]
[SourceTitle "CBM 205 Extra"]
[Source "ChessBase"]
[SourceDate "2022.01.31"]
[SourceVersion "1"]
[SourceVersionDate "2022.01.31"]
[SourceQuality "1"]

1. d4 d5 2. Bf4 Nf6 3. Nc3 e6 4. e3 a6 5. Bd3 c5 6. dxc5 Bxc5 7. Nge2 Nc6 8. Bg5 0-0 9. Nf4 Ne5 10. Nh5 Be7 11. Nxf6+ Bxf6 12. h4 h6 13. Bxf6 Qxf6 14. f4 Nc4 15. Bxc4 dxc4 16. Qf3 Rd8 17. g4 Qg6 18. Rd1 Rxd1+ 19. Qxd1 b5 20. h5 Qf6 21. g5 hxg5 22. Ne4 Qe7 23. h6 Bb7 24. hxg7 Bxe4 25. Qh5 f6 26. Qh8+ Kf7 27. fxg5 Qe8 28. Qh6 Bxh1 29. Qxf6+ Kg8 30. Qh6 Rd8 31. g6 Rd1+ 32. Kxd1 Qd7+ 33. Ke1 Qxg7 34. Qxh1 Qxg6 35. Qa8+ Kh7 36. Qxa6 Qg3+ 37. Kd2 Qf2+ 38. Kc3 Qxe3+ 39. Kb4 Qd2+ 40. Kxb5 Qxc2 41. Qa3 Qd3 42. Qc3 Qb1 43. a4 Qf5+ 44. Kxc4 Qd5+ 45. Kb4 e5 46. a5 e4 47. Qc7+ Kg6 48. Qb6+ Kf5 49. a6 Qd2+ 50. Kc5 1-0

[Event "BRA-ch 87th"]
[Site "Cuiaba"]
[Date "2021.10.30"]
[Round "4"]
[White "Brito, Vicente de Paulo Al"]
[Black "Souza Neves, Andrey Marcelo"]
[Result "0-1"]
[WhiteElo "1889"]
[BlackElo "2087"]
[PlyCount "110"]
[EventDate "2021.10.28"]
[EventType "swiss"]
[EventRounds "11"]
[EventCountry "BRA"]
[SourceTitle "CBM 205 Extra"]
[Source "ChessBase"]
[SourceDate "2022.01.31"]
[SourceVersion "1"]
[SourceVersionDate "2022.01.31"]
[SourceQuality "1"]

1. d4 d5 2. Bf4 Nf6 3. Nc3 a6 4. e3 Bf5 5. f3 e6 6. g4 Bg6 7. h4 h6 8. Bd3 Bxd3 9. Qxd3 c5 10. Nge2 Nc6 11. Nd1 cxd4 12. exd4 Bd6 13. Nf2 Bxf4 14. Nxf4 Qd6 15. Ne2 0-0-0 16. b4 e5 17. 0-0 e4 18. fxe4 dxe4 19. Nxe4 Nxe4 20. Qxe4 Nxd4 21. Nxd4 Qxd4+ 22. Qxd4 Rxd4 23. Rxf7 Rxg4+ 24. Kf2 Rxh4 25. b5 Rc4 26. bxa6 Rxc2+ 27. Kg3 bxa6 28. Rxg7 a5 29. Rb1 Rc5 30. Ra7 Rg8+ 31. Kh4 Rgg5 32. Ra8+ Kd7 33. Ra7+ Kd6 34. Rb6+ Rc6 35. Rxc6+ Kxc6 36. Ra6+ Kb5 37. Rxh6 Rg2 38. Kh3 Rxa2 39. Kg3 Re2 40. Kf3 Re8 41. Rh7 a4 42. Rb7+ Kc4 43. Ra7 Kb4 44. Rb7+ Ka3 45. Ra7 Kb4 46. Rb7+ Ka5 47. Ra7+ Kb5 48. Rb7+ Ka6 49. Rb4 Ka5 50. Rb7 Re6 51. Ra7+ Ra6 52. Rb7 a3 53. Rb1 a2 54. Ra1 Kb4 55. Ke2 Kb3 0-1

[Event "Caxambu op"]
[Site "Caxambu"]
[Date "2020.03.07"]
[Round "3"]
[White "Brito, Vicente de Paulo Al"]
[Black "Ramos, Enzo de Almeida"]
[Result "1-0"]
[WhiteElo "1888"]
[BlackElo "1224"]
[PlyCount "69"]
[EventDate "2020.03.06"]
[EventType "swiss"]
[EventRounds "6"]
[EventCountry "BRA"]
[SourceTitle "CBM 195 Extra"]
[Source "ChessBase"]
[SourceDate "2020.05.31"]
[SourceVersion "1"]
[SourceVersionDate "2020.05.31"]
[SourceQuality "1"]

1. d4 Nf6 2. Bf4 g6 3. e3 Bg7 4. Nf3 0-0 5. Be2 d6 6. h3 Nc6 7. 0-0 Bf5 8. Nh4 Bd7 9. Bh2 e5 10. Nf3 exd4 11. exd4 Bf5 12. c3 Qe7 13. Re1 Qd7 14. Nbd2 Rfe8 15. Nf1 Bxh3 16. gxh3 Qxh3 17. Ne3 Ng4 18. Bf1 Qh5 19. Nxg4 Qxg4+ 20. Bg2 Rxe1+ 21. Nxe1 Qxd1 22. Rxd1 Re8 23. Kf1 Ne7 24. Nd3 b6 25. Re1 Kf8 26. Nb4 c5 27. dxc5 dxc5 28. Nc6 Nxc6 29. Rxe8+ Kxe8 30. Bxc6+ Kd8 31. Bd5 Ke8 32. Bb8 a6 33. Ba7 b5 34. Bxc5 h5 35. Bb7 1-0

[Event "Caxambu op"]
[Site "Caxambu"]
[Date "2020.03.06"]
[Round "2"]
[White "Brito, Luismar Jorge"]
[Black "Brito, Vicente de Paulo Al"]
[Result "1-0"]
[WhiteElo "2214"]
[BlackElo "1888"]
[PlyCount "41"]
[EventDate "2020.03.06"]
[EventType "swiss"]
[EventRounds "6"]
[EventCountry "BRA"]
[SourceTitle "CBM 195 Extra"]
[Source "ChessBase"]
[SourceDate "2020.05.31"]
[SourceVersion "1"]
[SourceVersionDate "2020.05.31"]
[SourceQuality "1"]

1. Nc3 d5 2. e4 e6 3. Nf3 Nf6 4. e5 Nfd7 5. d4 c5 6. dxc5 Nc6 7. Bf4 a6 8. Bg3 Bxc5 9. Bd3 b5 10. 0-0 Bb7 11. Re1 b4 12. Nxd5 exd5 13. e6 fxe6 14. Rxe6+ Kf7 15. Qe2 Re8 16. Re1 Nf6 17. Ng5+ Kf8 18. Qf3 Qd7 19. Nxh7+ Kg8 20. Nxf6+ gxf6 21. Qg4+ 1-0

[Event "Rio de Janeiro Duchamp op 3rd"]
[Site "Rio de Janeiro"]
[Date "2019.12.07"]
[Round "1"]
[White "Brito, Vicente de Paulo Al"]
[Black "Roselli Mailhe, Bernardo"]
[Result "0-1"]
[WhiteElo "1905"]
[BlackElo "2442"]
[PlyCount "62"]
[EventDate "2019.12.07"]
[EventType "swiss"]
[EventRounds "9"]
[EventCountry "BRA"]
[SourceTitle "CBM 193 Extra"]
[Source "ChessBase"]
[SourceDate "2020.01.31"]
[SourceVersion "1"]
[SourceVersionDate "2020.01.31"]
[SourceQuality "1"]

1. e4 c5 2. d4 cxd4 3. c3 g6 4. cxd4 d5 5. e5 Nc6 6. Be3 Nh6 7. Bd3 Nf5 8. Ne2 Nxe3 9. fxe3 Bh6 10. Nf4 Bxf4 11. exf4 Qb6 12. Qd2 Qxd4 13. Nc3 0-0 14. Nb5 Qb6 15. a4 a6 16. a5 axb5 17. axb6 Rxa1+ 18. Kf2 Rxh1 19. Bxb5 Rb1 20. Bd3 Ra1 21. b4 Be6 22. b5 Nd4 23. Qb2 Ra4 24. h3 Bf5 25. Bxf5 Nxf5 26. Qb3 Rxf4+ 27. Kg1 h5 28. g3 Rd4 29. Qc3 Ra8 30. e6 Rd1+ 31. Kf2 Ra2+ 0-1

[Event "Rio de Janeiro Estadual-ch"]
[Site "Rio de Janeiro"]
[Date "2019.09.29"]
[Round "3"]
[White "Salles, Marvio Darilho"]
[Black "Brito, Vicente de Paulo Al"]
[Result "1/2-1/2"]
[WhiteElo "2073"]
[BlackElo "1889"]
[PlyCount "70"]
[EventDate "2019.09.28"]
[EventType "swiss"]
[EventRounds "6"]
[EventCountry "BRA"]
[SourceTitle "EXT 2020"]
[Source "ChessBase"]
[SourceDate "2019.10.17"]
[SourceVersion "1"]
[SourceVersionDate "2019.10.17"]
[SourceQuality "1"]

1. e4 e6 2. d4 d5 3. Be3 dxe4 4. Nd2 Nf6 5. f3 Nd5 6. Qe2 c5 7. dxc5 Nxe3 8. Qxe3 Qa5 9. c3 Bxc5 10. Qxe4 Qc7 11. 0-0-0 Nd7 12. Nb3 Be7 13. Ne2 Nf6 14. Qe3 0-0 15. Kb1 e5 16. Ng3 a5 17. Bd3 a4 18. Nd2 a3 19. Nc4 Nd7 20. Nf5 Bf6 21. g4 Nc5 22. Nxa3 Rxa3 23. bxa3 Na4 24. Be4 Bxf5 25. gxf5 Nxc3+ 26. Kb2 Nxd1+ 27. Rxd1 Be7 28. Rc1 Qa5 29. Qc3 Qa6 30. Qb3 b6 31. Rc7 Bc5 32. Bd3 Qa5 33. a4 Qd2+ 34. Qc2 Qb4+ 35. Qb3 Qd2+ 1/2-1/2

[Event "Rio de Janeiro Estadual-ch"]
[Site "Rio de Janeiro"]
[Date "2019.09.28"]
[Round "2"]
[White "Brito, Vicente de Paulo Al"]
[Black "Souza Jr, Helemberg Cubica De"]
[Result "0-1"]
[WhiteElo "1889"]
[BlackElo "1742"]
[PlyCount "84"]
[EventDate "2019.09.28"]
[EventType "swiss"]
[EventRounds "6"]
[EventCountry "BRA"]
[SourceTitle "EXT 2020"]
[Source "ChessBase"]
[SourceDate "2019.10.17"]
[SourceVersion "1"]
[SourceVersionDate "2019.10.17"]
[SourceQuality "1"]

1. e4 c5 2. d4 cxd4 3. c3 dxc3 4. Nxc3 e6 5. Nf3 d6 6. Bc4 Nf6 7. 0-0 Be7 8. Qe2 0-0 9. Rd1 Bd7 10. Bg5 Qc7 11. Rac1 a6 12. Bb3 Nc6 13. Nd5 exd5 14. exd5 Rfe8 15. dxc6 bxc6 16. Qd3 Be6 17. Bxe6 fxe6 18. Nd4 Qa5 19. Nxe6 Rac8 20. a3 Qe5 21. Re1 Qxb2 22. Rb1 Qa2 23. Rb7 Bf8 24. Bxf6 Rxe6 25. Rxe6 Qxe6 26. Bc3 Qd5 27. Qc2 c5 28. Rb1 Qc6 29. Qf5 d5 30. Rc1 d4 31. Bd2 c4 32. Bb4 Bxb4 33. axb4 Rf8 34. Qg5 Qb5 35. Qg4 Qxb4 36. Qe6+ Kh8 37. h4 d3 38. h5 h6 39. Qe3 d2 40. Rd1 c3 41. Qd3 Rc8 42. Qc2 Qc5 0-1

[Event "American Continental 15th"]
[Site "Sao Paulo"]
[Date "2019.07.13"]
[Round "11"]
[White "Passos, Rafael Moreira"]
[Black "Brito, Vicente de Paulo Al"]
[Result "1-0"]
[WhiteElo "1808"]
[BlackElo "1948"]
[PlyCount "77"]
[EventDate "2019.07.05"]
[EventType "swiss"]
[EventRounds "11"]
[EventCountry "BRA"]
[SourceTitle "CBM 191 Extra"]
[Source "ChessBase"]
[SourceDate "2019.09.30"]
[SourceVersion "1"]
[SourceVersionDate "2019.09.30"]
[SourceQuality "1"]

1. d4 Nf6 2. Nf3 g6 3. Bg5 Bg7 4. c3 Ne4 5. Bf4 c5 6. Nbd2 d5 7. e3 Qb6 8. Qb3 Nxd2 9. Nxd2 c4 10. Qxb6 axb6 11. e4 e6 12. Be2 Bd7 13. 0-0 0-0 14. Bf3 Bc6 15. a3 Nd7 16. Rfe1 Rfe8 17. Re2 Nf6 18. Rae1 dxe4 19. Nxe4 Nxe4 20. Bxe4 Bxe4 21. Rxe4 Ra5 22. Be5 Rc8 23. Bxg7 Kxg7 24. Re5 Rc7 25. g3 Rd7 26. Rxa5 bxa5 27. Re5 Rd5 28. f4 Kf6 29. Kf2 b6 30. a4 h5 31. Kf3 Ke7 32. g4 f6 33. Rxd5 hxg4+ 34. Kxg4 exd5 35. f5 g5 36. Kh5 Kf7 37. Kh6 Kf8 38. Kg6 Ke7 39. h3 1-0

[Event "American Continental 15th"]
[Site "Sao Paulo"]
[Date "2019.07.10"]
[Round "8"]
[White "Kikuchi Cadilhac, Mariana Sawae"]
[Black "Brito, Vicente de Paulo Al"]
[Result "1-0"]
[WhiteElo "1639"]
[BlackElo "1948"]
[PlyCount "119"]
[EventDate "2019.07.05"]
[EventType "swiss"]
[EventRounds "11"]
[EventCountry "BRA"]
[SourceTitle "CBM 191 Extra"]
[Source "ChessBase"]
[SourceDate "2019.09.30"]
[SourceVersion "1"]
[SourceVersionDate "2019.09.30"]
[SourceQuality "1"]

1. e4 d6 2. d4 Nf6 3. Nc3 g6 4. g3 Bg7 5. Bg2 0-0 6. Nge2 e5 7. 0-0 c6 8. a4 Qc7 9. h3 a5 10. Be3 Na6 11. Qd2 Re8 12. f4 Nd7 13. fxe5 dxe5 14. d5 Qd6 15. Rf2 Nc7 16. Raf1 cxd5 17. Nxd5 Nxd5 18. Qxd5 Qxd5 19. exd5 f5 20. Nc3 f4 21. Bd2 fxg3 22. Rf3 e4 23. Rxg3 Be5 24. Rg5 Bd4+ 25. Kh1 e3 26. Bc1 e2 27. Re1 Bf6 28. Rg4 Nc5 29. Rc4 b6 30. Rxe2 Ba6 31. Rxe8+ Rxe8 32. Ne4 Bg7 33. Rxc5 bxc5 34. d6 Bb7 35. d7 Rd8 36. Nxc5 Bxg2+ 37. Kxg2 Bf6 38. Bd2 Ra8 39. Ne6 Ra7 40. d8Q+ Bxd8 41. Nxd8 Rc7 42. Bc3 Rc4 43. Nb7 Rxa4 44. Bxa5 Re4 45. c3 Re7 46. Nd6 Re5 47. Nc4 Rd5 48. Bb6 Kf7 49. Bd4 Ke6 50. b4 Rg5+ 51. Kh2 Kd5 52. Ne5 Rf5 53. Ng4 Rf7 54. b5 h5 55. Ne5 Rb7 56. b6 g5 57. Nd3 g4 58. Nc5 Rxb6 59. Nd3 gxh3 60. Bxb6 1-0

[Event "Florianopolis op 5th"]
[Site "Florianopolis"]
[Date "2019.01.26"]
[Round "9"]
[White "Brito, Vicente de Paulo Al"]
[Black "De Souza, Lucio Teixeira"]
[Result "1-0"]
[WhiteElo "1985"]
[BlackElo "1626"]
[PlyCount "45"]
[EventDate "2019.01.21"]
[EventType "swiss"]
[EventRounds "10"]
[EventCountry "BRA"]
[SourceTitle "CBM 188 Extra"]
[Source "ChessBase"]
[SourceDate "2019.02.26"]
[SourceVersion "1"]
[SourceVersionDate "2019.02.26"]
[SourceQuality "1"]

1. e4 c5 2. d4 cxd4 3. c3 dxc3 4. Nxc3 d6 5. Nf3 Nc6 6. Bc4 e6 7. 0-0 Be7 8. Qe2 Nf6 9. Rd1 0-0 10. e5 Ne8 11. exd6 Bf6 12. Ne4 Bd7 13. Nxf6+ Nxf6 14. Bg5 h6 15. Bh4 Re8 16. Ne5 Nxe5 17. Qxe5 Rc8 18. Rd4 b6 19. b4 g5 20. Bxg5 hxg5 21. Qxg5+ Kh8 22. Rh4+ Nh7 23. Qh6 1-0

[Event "Florianopolis op 5th"]
[Site "Florianopolis"]
[Date "2019.01.24"]
[Round "5"]
[White "Brito, Vicente de Paulo Al"]
[Black "Melo, Sergio Roberto Samp"]
[Result "1-0"]
[WhiteElo "1985"]
[BlackElo "1736"]
[PlyCount "52"]
[EventDate "2019.01.21"]
[EventType "swiss"]
[EventRounds "10"]
[EventCountry "BRA"]
[SourceTitle "CBM 188 Extra"]
[Source "ChessBase"]
[SourceDate "2019.02.26"]
[SourceVersion "1"]
[SourceVersionDate "2019.02.26"]
[SourceQuality "1"]

1. e4 e6 2. d4 d5 3. e5 c5 4. c3 Qb6 5. Nf3 Bd7 6. a3 Nh6 7. b4 cxd4 8. cxd4 Bb5 9. Bxb5+ Qxb5 10. Bxh6 gxh6 11. Nc3 Qa6 12. Ne2 Rg8 13. 0-0 Nd7 14. Qc2 Nb6 15. Qxh7 Rg7 16. Qc2 Rc8 17. Qd2 Be7 18. Qxh6 Rg6 19. Qd2 Nc4 20. Qd3 Kd7 21. Nd2 Rcg8 22. g3 b5 23. f4 Rh6 24. f5 Rhh8 25. Nf3 Qb6 26. Kg2 Qd8 1-0

[Event "Rio de Janeiro Duchamp op 2nd"]
[Site "Rio de Janeiro"]
[Date "2018.11.20"]
[Round "9"]
[White "Reis, Virginia Lagrange M"]
[Black "Brito, Vicente de Paulo Al"]
[Result "1/2-1/2"]
[WhiteElo "1750"]
[BlackElo "2044"]
[PlyCount "75"]
[EventDate "2018.11.14"]
[EventType "swiss"]
[EventRounds "9"]
[EventCountry "BRA"]
[SourceTitle "CBM 187 Extra"]
[Source "ChessBase"]
[SourceDate "2018.11.04"]
[SourceVersion "1"]
[SourceVersionDate "2018.11.04"]
[SourceQuality "1"]

1. e4 d6 2. d4 Nf6 3. Nc3 g6 4. h3 Bg7 5. Nf3 a6 6. Be3 b5 7. a3 Bb7 8. Bd3 0-0 9. Qd2 Nbd7 10. b4 d5 11. e5 Ne4 12. Bxe4 dxe4 13. Ng5 Nb6 14. Ngxe4 Nc4 15. Qe2 Nxe3 16. fxe3 f6 17. Nc5 Bd5 18. Nxd5 Qxd5 19. e6 f5 20. c3 a5 21. 0-0 axb4 22. axb4 Rxa1 23. Rxa1 Bh6 24. Ra7 f4 25. e4 Qg5 26. Qg4 f3 27. Qxg5 Bxg5 28. Rxc7 Be3+ 29. Kf1 fxg2+ 30. Kxg2 Rf2+ 31. Kg3 Rc2 32. Rxe7 Rxc3 33. Re8+ Kg7 34. Re7+ Kg8 35. Re8+ Kg7 36. Kg2 Bxd4 37. Nd7 Re3 38. Re7+ 1/2-1/2